| 000 | 00562nam a2200217Ia 4500 | ||
|---|---|---|---|
| 003 | OSt | ||
| 005 | 20220928144733.0 | ||
| 006 | a|||||r|||| 00| 0 | ||
| 007 | ta | ||
| 008 | 220927b |||||||| |||| 00| 0 eng d | ||
| 024 | _a73414 | ||
| 037 | _cTextual | ||
| 040 |
_aSDCL _cSDCL _beng |
||
| 041 |
_2eng _aeng |
||
| 082 | _aY5931.2'N, N9 | ||
| 100 |
_aDatta Nonica _9462297 |
||
| 245 | 0 |
_aForming an identity _b A social history of the Jats. |
|
| 260 | _c1999 | ||
| 942 |
_hY5931.2'N, N9 _cTEXL _2CC |
||
| 999 |
_c829315 _d829315 |
||